000 00390 a2200169 4500
001 68255
020 _a978-85-60171-00-2
040 _cAnchieta - Pituba
100 _aBrum, Eliane
240 1 0 _aA vida que ninguém vê
_lpor
245 1 0 _aA vida que ninguém vê
300 _a208
362 0 _a2006
440 1 _aArquipélago Editorial
650 4 _aCrônica brasileira
942 _cBK
999 _c68255
_d68255